00723nam a22002057a 450000500170000001000130001702000250003003500130005503700250006808200060009310000230009924500960012226000290021827000390024730000170028670000100030394200200031399900170033395201670035020120110143311.0 aB-444560 a9780448450230c99.00 aB-444560 bBlue Berry/Ven aDPL aS aKirk, David939173 a Miss spider's sunny patch friends:cby David KirkbThe Prince, the princess, and the Bee / aNew YorkbCallawayc2008 a345 Hudson StreetbNew Yorke10014 a32p.c19cm.  935775 2ddccCHmKIRhS c60619d60619 001040708FICaZLSbZLSd2012-01-13eBlue Berry/7042/29.9.2011/83/21.3.2011/12.10.2011g99.00l0oS KIRpB-444560r2012-01-13 00:00:00t1v99.00w2012-01-13yCH